000 00567nam a22001937a 4500
999 _c171096
_d171096
005 20200106161216.0
010 _aA-845698
020 _c60.00
_a-
035 _aA-845698
037 _bDBAD/PUB
_a-
082 _aک
100 _aقا سم خو ر شيد
245 _aپو سٹر
_cقا سم خو ر شيد
246 _bPoster (Urdu)
_aby Qasim Khursheed
260 _aN.Delhi
_bTakhleeqkar Publishers
_c1996 ء
270 _a1779,Kucha Dakhni Rai ,Darya Ganj,
_bN.Delhi
_e110002
_k-
_l-
300 _a108 ص
_c22 Cm(Hb)
942 _2ddc
_cUR
_hک
_mق ا س